[Event "GER-ch44 V10 email"]
[Site "GER email"]
[Date "2012.04.25"]
[Round "?"]
[White "Scharf, Wolfgang"]
[Black "Radloff, Dirk"]
[Result "1/2-1/2"]
[WhiteElo "2056"]
[BlackElo "2025"]
[PlyCount "83"]
[EventDate "2012.04.30"]
[EventType "tourn (corr)"]
[EventRounds "10"]
[EventCountry "GER"]
[SourceTitle "Corr 2015"]
[Source "ChessBase"]
[SourceDate "2015.07.17"]
[SourceVersion "1"]
[SourceVersionDate "2015.07.17"]
[SourceQuality "1"]

1. d4 Nf6 2. c4 e6 3. Nf3 d5 4. Nc3 Be7 5. Bg5 h6 6. Bh4 0-0 7. e3 b6 8. Bd3 Bb7 9. 0-0 Nbd7 10. Qe2 Ne4 11. Bxe7 Qxe7 12. cxd5 exd5 13. Ba6 Nxc3 14. bxc3 Bxa6 15. Qxa6 Qe6 16. a4 Nb8 17. Qb5 a6 18. Qd3 Nd7 19. Rfd1 Rfc8 20. h3 c6 21. Nd2 b5 22. Nb3 Rcb8 23. Rdb1 g6 24. Ra2 Kg7 25. Qc2 Rb6 26. Rba1 Rab8 27. Nc1 Rc8 28. Nd3 Qd6 29. axb5 cxb5 30. Qb3 Rbc6 31. Qb4 h5 32. Qxd6 Rxd6 33. Rxa6 Rxa6 34. Rxa6 Rxc3 35. Ra7 Rxd3 36. Rxd7 Rd1+ 37. Kh2 Rd2 38. Rxd5 Rxf2 39. Rxb5 h4 40. Kg1 Rd2 41. Kf1 f5 42. Rb4 1/2-1/2

[Event "GER MS-143 email"]
[Site "GER email"]
[Date "2011.10.16"]
[Round "?"]
[White "Radloff, Dirk"]
[Black "Schlumbohm, Nils"]
[Result "1-0"]
[WhiteElo "2025"]
[BlackElo "1926"]
[PlyCount "75"]
[EventDate "2011.10.24"]
[EventType "tourn (corr)"]
[EventRounds "6"]
[EventCountry "GER"]
[SourceTitle "Corr 2015"]
[Source "ChessBase"]
[SourceDate "2015.07.17"]
[SourceVersion "1"]
[SourceVersionDate "2015.07.17"]
[SourceQuality "1"]

1. e4 c6 2. d4 d5 3. Nc3 dxe4 4. Nxe4 Nd7 5. Nf3 Ngf6 6. Nxf6+ Nxf6 7. h3 Bf5 8. Bd3 Bxd3 9. Qxd3 e6 10. 0-0 Bd6 11. Bd2 0-0 12. c4 Qc7 13. Rfe1 h6 14. Qe2 a5 15. a4 b6 16. b3 Rad8 17. Rad1 Rfe8 18. Bc3 Nd7 19. Rd3 Be7 20. Qd2 Nf8 21. Ne5 Bg5 22. f4 Be7 23. Kh1 f6 24. Nf3 c5 25. d5 Bd6 26. g3 exd5 27. Rxe8 Rxe8 28. Rxd5 Qc6 29. Kg2 Bc7 30. Qd3 Qe6 31. Nh4 Kf7 32. Nf5 Qe2+ 33. Qxe2 Rxe2+ 34. Kf3 Rh2 35. Rd1 h5 36. h4 Rc2 37. Rd3 Rh2 38. Ne3 1-0

[Event "GER MS-129 email"]
[Site "GER email"]
[Date "2011.05.17"]
[Round "?"]
[White "Radloff, Dirk"]
[Black "Horras, Michael"]
[Result "1-0"]
[WhiteElo "2045"]
[BlackElo "1883"]
[PlyCount "71"]
[EventDate "2011.05.24"]
[EventType "tourn (corr)"]
[EventRounds "6"]
[EventCountry "GER"]
[SourceTitle "Corr 2015"]
[Source "ChessBase"]
[SourceDate "2015.07.17"]
[SourceVersion "1"]
[SourceVersionDate "2015.07.17"]
[SourceQuality "1"]
[WhiteTeam "Germany"]
[BlackTeam "Germany"]
[WhiteTeamCountry "GER"]
[BlackTeamCountry "GER"]

1. e4 c5 2. Nf3 d6 3. d4 cxd4 4. Nxd4 Nf6 5. Nc3 a6 6. Bg5 e6 7. f4 Nbd7 8. Qf3 Qc7 9. 0-0-0 b5 10. Bd3 Bb7 11. Rhe1 Qb6 12. Bxf6 Nxf6 13. f5 e5 14. Nd5 Qd8 15. Nxf6+ Qxf6 16. Nb3 Rb8 17. Nd2 Qd8 18. Qg3 h5 19. Nf3 Qf6 20. h4 Rc8 21. Ng5 Be7 22. Kb1 0-0 23. Be2 Qh6 24. Rh1 Ba8 25. Rh3 Rc5 26. b4 Rc7 27. Qb3 Bc6 28. a3 Bb7 29. Rg3 Bc6 30. f6 Bxf6 31. Rxd6 Bb7 32. Rc3 Re7 33. g4 hxg4 34. Bxg4 Bxg5 35. Rxh6 Bxh6 36. Bf5 1-0

[Event "GER MS-129 email"]
[Site "GER email"]
[Date "2011.05.17"]
[Round "?"]
[White "Wichert, Gerd"]
[Black "Radloff, Dirk"]
[Result "1/2-1/2"]
[WhiteElo "2057"]
[BlackElo "2045"]
[PlyCount "66"]
[EventDate "2011.05.24"]
[EventType "tourn (corr)"]
[EventRounds "6"]
[EventCountry "GER"]
[SourceTitle "Corr 2015"]
[Source "ChessBase"]
[SourceDate "2015.07.17"]
[SourceVersion "1"]
[SourceVersionDate "2015.07.17"]
[SourceQuality "1"]
[WhiteTeam "Germany"]
[BlackTeam "Germany"]
[WhiteTeamCountry "GER"]
[BlackTeamCountry "GER"]

1. e4 e5 2. Nf3 Nc6 3. Bb5 a6 4. Ba4 Nf6 5. 0-0 Be7 6. Re1 b5 7. Bb3 d6 8. c3 0-0 9. h3 Na5 10. Bc2 c5 11. d4 Qc7 12. Nbd2 cxd4 13. cxd4 Nc6 14. Nb3 a5 15. Be3 a4 16. Nbd2 Bd7 17. Rc1 Rac8 18. Nf1 Qb8 19. Ng3 Rfe8 20. Bb1 h6 21. Qe2 Bd8 22. d5 Ne7 23. Rxc8 Bxc8 24. b3 Ba5 25. Rc1 axb3 26. axb3 Bd7 27. Bd3 Ng6 28. Qa2 Bb6 29. Qa6 Bxe3 30. fxe3 Ne7 31. Kf2 Rc8 32. Rxc8+ Nxc8 33. Ne1 Kh7 1/2-1/2

[Event "GER MS-123 email"]
[Site "GER email"]
[Date "2011.02.20"]
[Round "?"]
[White "Radloff, Dirk"]
[Black "Bartsch, Andreas"]
[Result "0-1"]
[WhiteElo "2026"]
[BlackElo "2021"]
[PlyCount "82"]
[EventDate "2011.02.25"]
[EventType "tourn (corr)"]
[EventRounds "6"]
[EventCountry "GER"]
[SourceTitle "Corr 2015"]
[Source "ChessBase"]
[SourceDate "2015.07.17"]
[SourceVersion "1"]
[SourceVersionDate "2015.07.17"]
[SourceQuality "1"]
[WhiteTeam "Germany"]
[BlackTeam "Latvia"]
[WhiteTeamCountry "GER"]
[BlackTeamCountry "LAT"]

1. e4 c5 2. Nf3 Nc6 3. d4 cxd4 4. Nxd4 Nf6 5. Nc3 e5 6. Ndb5 d6 7. Bg5 a6 8. Na3 b5 9. Bxf6 gxf6 10. Nd5 Bg7 11. Bd3 Ne7 12. Nxe7 Qxe7 13. c4 f5 14. 0-0 0-0 15. Qh5 Rb8 16. exf5 e4 17. Rae1 Bb7 18. Qg4 Rfe8 19. cxb5 d5 20. bxa6 Bc6 21. b3 Kh8 22. Nc2 Bc3 23. Be2 Qf6 24. Rd1 Rg8 25. Qf4 d4 26. Bc4 d3 27. Ne1 Be5 28. Qe3 Rg5 29. Qh3 Rbg8 30. g3 e3 31. Rxd3 e2 32. Nf3 exf1Q+ 33. Qxf1 Rxf5 34. Nxe5 Rxe5 35. Qa1 Kg7 36. f4 Rc5 37. Qxf6+ Kxf6 38. Rd6+ Ke7 39. Rd4 Bb5 40. Re4+ Kd6 41. Rd4+ Kc7 0-1

[Event "GER MS-123 email"]
[Site "GER email"]
[Date "2011.02.20"]
[Round "?"]
[White "Radloff, Dirk"]
[Black "Hauff, Andre"]
[Result "1/2-1/2"]
[WhiteElo "2026"]
[BlackElo "2099"]
[PlyCount "72"]
[EventDate "2011.02.25"]
[EventType "tourn (corr)"]
[EventRounds "6"]
[EventCountry "GER"]
[SourceTitle "Corr 2015"]
[Source "ChessBase"]
[SourceDate "2015.07.17"]
[SourceVersion "1"]
[SourceVersionDate "2015.07.17"]
[SourceQuality "1"]
[WhiteTeam "Germany"]
[BlackTeam "Latvia"]
[WhiteTeamCountry "GER"]
[BlackTeamCountry "LAT"]

1. e4 c5 2. Nf3 d6 3. d4 cxd4 4. Nxd4 Nf6 5. Nc3 a6 6. Bg5 e6 7. f4 Qc7 8. Bxf6 gxf6 9. Qf3 b5 10. 0-0-0 b4 11. Nce2 h5 12. Ng3 h4 13. Nh5 Nd7 14. g4 Bb7 15. Kb1 0-0-0 16. Bg2 Kb8 17. Rhe1 Be7 18. a3 f5 19. axb4 fxg4 20. Qxg4 Rdg8 21. Qf3 Rxh5 22. Qxh5 Rxg2 23. Qxf7 Bf6 24. e5 dxe5 25. fxe5 Bxe5 26. Re2 Rxe2 27. Nxe2 Bd5 28. Rd3 Bxh2 29. Qf2 Bd6 30. Qxh4 Ne5 31. Rh3 Be7 32. Qh8+ Kb7 33. Nc3 Nc6 34. Qe8 Qd6 35. Rh7 Bc4 36. b3 Bb5 1/2-1/2

[Event "GER ML-371 email"]
[Site "GER email"]
[Date "2011.??.??"]
[Round "?"]
[White "Ax, Paul"]
[Black "Radloff, Dirk"]
[Result "0-1"]
[WhiteElo "2121"]
[BlackElo "2017"]
[PlyCount "96"]
[EventDate "2010.??.??"]
[EventType "team-tourn (corr)"]
[EventRounds "6"]
[EventCountry "GER"]
[SourceTitle "Corr 2015"]
[Source "ChessBase"]
[SourceDate "2015.07.17"]
[SourceVersion "1"]
[SourceVersionDate "2015.07.17"]
[SourceQuality "1"]
[WhiteTeam "Germany"]
[BlackTeam "Germany"]
[WhiteTeamCountry "GER"]
[BlackTeamCountry "GER"]

1. Nf3 d5 2. g3 Nf6 3. Bg2 e6 4. 0-0 c5 5. d4 Nc6 6. c4 dxc4 7. Qa4 Bd7 8. Qxc4 b5 9. Qd3 c4 10. Qc2 Be7 11. Nc3 b4 12. Ne4 Rc8 13. Bf4 Nxe4 14. Qxe4 0-0 15. Rac1 Na5 16. Ne5 Be8 17. h4 f6 18. Nf3 Bf7 19. Rfd1 Qb6 20. Bh3 b3 21. axb3 Nxb3 22. Rb1 Bb4 23. h5 Qc6 24. Qe3 Rfe8 25. h6 Bg6 26. hxg7 a5 27. Rf1 Bf5 28. Bg2 Qe4 29. Qxe4 Bxe4 30. Rbd1 Bc2 31. Bh6 Rcd8 32. Rc1 Nxc1 33. Rxc1 Be4 34. Rxc4 Rc8 35. Rxc8 Rxc8 36. Bh3 Rc6 37. Nh4 f5 38. f3 Bd5 39. Ng2 Rc2 40. Ne3 Rc1+ 41. Kg2 Bd2 42. Nxd5 Bxh6 43. Ne7+ Kxg7 44. d5 Bg5 45. Nc6 a4 46. Nd4 Bf6 47. Nxe6+ Kh8 48. d6 Bxb2 0-1

[Event "GER-ch42 V03 email"]
[Site "GER email"]
[Date "2010.??.??"]
[Round "?"]
[White "Florian, Juergen"]
[Black "Radloff, Dirk"]
[Result "1/2-1/2"]
[WhiteElo "2235"]
[BlackElo "2017"]
[PlyCount "64"]
[EventDate "2010.??.??"]
[EventType "tourn (corr)"]
[EventRounds "12"]
[EventCountry "GER"]
[SourceTitle "Corr 2015"]
[Source "ChessBase"]
[SourceDate "2015.07.17"]
[SourceVersion "1"]
[SourceVersionDate "2015.07.17"]
[SourceQuality "1"]

1. e4 e5 2. Nf3 Nc6 3. Bc4 Nf6 4. Ng5 d5 5. exd5 Na5 6. Bb5+ c6 7. dxc6 bxc6 8. Qf3 Be7 9. Nc3 0-0 10. Bd3 g6 11. h4 h6 12. Nge4 Nd5 13. Qg3 Nf4 14. Be2 Kg7 15. d3 f5 16. Nd2 Re8 17. Nb3 Bxh4 18. Qh2 Nxb3 19. axb3 Bg5 20. g3 Nxe2 21. Bxg5 Qxg5 22. Nxe2 e4 23. dxe4 fxe4 24. Qh4 Bg4 25. Qxg5 hxg5 26. Kd2 Rf8 27. Rh2 Rad8+ 28. Ke1 a6 29. Nc3 Rf5 30. Nd1 Ra5 31. Rb1 Bf3 32. Nc3 Rc5 1/2-1/2

[Event "GER ML-371 email"]
[Site "GER email"]
[Date "2010.??.??"]
[Round "?"]
[White "Oehler, Rolf"]
[Black "Radloff, Dirk"]
[Result "1/2-1/2"]
[WhiteElo "1786"]
[BlackElo "1975"]
[PlyCount "76"]
[EventDate "2010.??.??"]
[EventType "team-tourn (corr)"]
[EventRounds "6"]
[EventCountry "GER"]
[SourceTitle "Corr 2015"]
[Source "ChessBase"]
[SourceDate "2015.07.17"]
[SourceVersion "1"]
[SourceVersionDate "2015.07.17"]
[SourceQuality "1"]
[WhiteTeam "Germany"]
[BlackTeam "Germany"]
[WhiteTeamCountry "GER"]
[BlackTeamCountry "GER"]

1. e4 e5 2. Nf3 Nc6 3. Bb5 a6 4. Ba4 Nf6 5. 0-0 b5 6. Bb3 Bb7 7. d3 Bc5 8. a4 0-0 9. Nc3 Na5 10. axb5 Nxb3 11. cxb3 axb5 12. Rxa8 Bxa8 13. Nxe5 Re8 14. Nf3 d5 15. d4 dxe4 16. dxc5 exf3 17. Qxd8 Rxd8 18. Nxb5 fxg2 19. Re1 Nd5 20. Bd2 h6 21. b4 Bb7 22. f3 Bc6 23. Nd4 Nxb4 24. Bc3 Bb7 25. Kxg2 Nd3 26. Re7 Nf4+ 27. Kg3 Nd5 28. Re1 Nxc3 29. bxc3 Kf8 30. Ra1 Bd5 31. Ra7 c6 32. h4 g6 33. Kf4 Kg7 34. Rc7 Kf6 35. Nxc6 g5+ 36. hxg5+ hxg5+ 37. Ke3 Re8+ 38. Kf2 Bxc6 1/2-1/2

[Event "GER-ch42 V03 email"]
[Site "GER email"]
[Date "2010.??.??"]
[Round "?"]
[White "Radloff, Dirk"]
[Black "Kaiser, Stephan"]
[Result "0-1"]
[WhiteElo "2017"]
[BlackElo "2149"]
[PlyCount "68"]
[EventDate "2010.??.??"]
[EventType "tourn (corr)"]
[EventRounds "12"]
[EventCountry "GER"]
[SourceTitle "Corr 2015"]
[Source "ChessBase"]
[SourceDate "2015.07.17"]
[SourceVersion "1"]
[SourceVersionDate "2015.07.17"]
[SourceQuality "1"]

1. e4 c5 2. Nf3 Nc6 3. Bb5 d6 4. 0-0 Bd7 5. Re1 Nf6 6. c3 a6 7. Bf1 Bg4 8. d4 Bxf3 9. gxf3 g5 10. Be3 e6 11. d5 Ne5 12. Bxg5 Rg8 13. f4 Bh6 14. h4 Ng6 15. Bxh6 Nxh4+ 16. Bg5 h6 17. dxe6 hxg5 18. exf7+ Kxf7 19. f5 g4 20. Nd2 d5 21. e5 Nf3+ 22. Kg2 Nxe1+ 23. Qxe1 Nh5 24. f6 Qd7 25. Nc4 g3 26. Nd6+ Ke6 27. f7 Rg5 28. Qe3 Rxe5 29. Qh6+ Ke7 30. Ne8 Rxe8 31. fxe8Q+ Qxe8 32. Rd1 Qa4 33. Rd3 Nf4+ 34. Kxg3 Nxd3 0-1

[Event "GER ML-353 email"]
[Site "GER email"]
[Date "2009.10.24"]
[Round "?"]
[White "Kuehn, Ekkehard"]
[Black "Radloff, Dirk"]
[Result "1/2-1/2"]
[WhiteElo "2008"]
[BlackElo "1975"]
[PlyCount "114"]
[EventDate "2009.??.??"]
[EventType "tourn (corr)"]
[EventRounds "6"]
[EventCountry "GER"]
[SourceTitle "Corr 2020"]
[Source "ChessBase"]
[SourceDate "2019.09.30"]
[SourceVersion "1"]
[SourceVersionDate "2019.09.30"]
[SourceQuality "1"]

1. d4 d5 2. c4 c6 3. Nf3 Nf6 4. Nc3 e6 5. Bg5 dxc4 6. a4 Qb6 7. Qc2 Qb3 8. Qc1 Nd5 9. Nd2 Qb4 10. e3 Nd7 11. Bxc4 Qa5 12. Nce4 f5 13. Nc3 Bb4 14. Nb3 Qc7 15. a5 N7f6 16. Bh4 0-0 17. Bg3 f4 18. exf4 Nh5 19. 0-0 Ndxf4 20. Qd1 Qd8 21. Qc2 Rb8 22. Ne2 Nxg3 23. fxg3 Nd5 24. Rxf8+ Qxf8 25. Nf4 Bd6 26. Qe4 Nxf4 27. Rf1 g5 28. gxf4 gxf4 29. Nd2 Qf6 30. Nf3 c5 31. Ne5 cxd4 32. Ng4 Qg5 33. Bxe6+ Kf8 34. h4 Qg6 35. Rxf4+ Bxf4 36. Qxf4+ Ke8 37. Bc4 Qxg4 38. Qxb8 Kd8 39. Qxa7 Qxh4 40. Qb6+ Ke7 41. Qc7+ Bd7 42. Qe5+ Kd8 43. Bf1 Bc6 44. Qd6+ Bd7 45. b4 Qe4 46. b5 Ke8 47. a6 bxa6 48. bxa6 Bc6 49. Qg3 h5 50. Bd3 Qd5 51. a7 h4 52. Qg7 Kd8 53. Kh2 Qd6+ 54. Kh1 Qc5 55. Qh8+ Kd7 56. Qxh4 Kc7 57. Qf4+ Qd6 1/2-1/2

[Event "GER ML-361 email"]
[Site "GER email"]
[Date "2009.??.??"]
[Round "?"]
[White "Friedrich, Gerhard"]
[Black "Radloff, Dirk"]
[Result "1-0"]
[WhiteElo "2068"]
[BlackElo "1975"]
[PlyCount "81"]
[EventDate "2009.04.05"]
[EventType "tourn (corr)"]
[EventRounds "6"]
[EventCountry "GER"]
[SourceTitle "Corr 2020"]
[Source "ChessBase"]
[SourceDate "2019.09.30"]
[SourceVersion "1"]
[SourceVersionDate "2019.09.30"]
[SourceQuality "1"]

1. e4 e5 2. Nf3 Nc6 3. Bb5 a6 4. Ba4 Nf6 5. 0-0 b5 6. Bb3 Bc5 7. Nxe5 Nxe5 8. d4 Bxd4 9. Qxd4 d6 10. f4 Ng6 11. e5 dxe5 12. Qxd8+ Kxd8 13. fxe5 Nxe5 14. Bg5 Re8 15. Nc3 Be6 16. Bxf6+ gxf6 17. Rxf6 Bxb3 18. cxb3 Kc8 19. Rd1 Kb7 20. Ne4 Ka7 21. h3 Re7 22. Ng5 Rg8 23. Nxh7 Rg7 24. Rh6 Rg3 25. Rh5 f5 26. Rxf5 Rxh7 27. Rxe5 Rhg7 28. Re2 Rxh3 29. Rd7 Rhg3 30. Rxg7 Rxg7 31. Re4 Kb6 32. g4 Kc6 33. Kf2 Kd5 34. Rf4 a5 35. Rf5+ Ke6 36. Rxb5 Rxg4 37. Rxa5 Rh4 38. Rg5 Kd6 39. Rg2 Re4 40. Kf3 Re6 41. a3 1-0

[Event "GER ML-340 email"]
[Site "GER email"]
[Date "2009.??.??"]
[Round "?"]
[White "Kuehn, Juergen"]
[Black "Radloff, Dirk"]
[Result "1-0"]
[WhiteElo "2099"]
[BlackElo "1975"]
[PlyCount "55"]
[EventDate "2008.08.10"]
[EventType "tourn (corr)"]
[EventRounds "6"]
[EventCountry "GER"]
[SourceTitle "Corr 2020"]
[Source "ChessBase"]
[SourceDate "2019.09.30"]
[SourceVersion "1"]
[SourceVersionDate "2019.09.30"]
[SourceQuality "1"]

1. e4 c5 2. Nf3 d6 3. d4 cxd4 4. Nxd4 Nf6 5. Nc3 g6 6. Be3 Bg7 7. f3 Nc6 8. Qd2 0-0 9. 0-0-0 d5 10. exd5 Nxd5 11. Nxc6 bxc6 12. Nxd5 cxd5 13. Qxd5 Qc7 14. Qb5 Qb7 15. b3 Bf5 16. Qa5 Qc6 17. Bc4 Qf6 18. c3 Rac8 19. Rd4 Qc6 20. Re1 Qb7 21. Kd1 Bxd4 22. Bxd4 Rxc4 23. bxc4 e6 24. Qb5 Qa8 25. Bf6 Rb8 26. Qe5 h6 27. Ke2 Kh7 28. Rd1 1-0

[Event "GER ML-340 email"]
[Site "GER email"]
[Date "2009.??.??"]
[Round "?"]
[White "Radloff, Dirk"]
[Black "Langheld, Werner"]
[Result "1/2-1/2"]
[WhiteElo "1975"]
[BlackElo "2038"]
[PlyCount "81"]
[EventDate "2009.08.10"]
[EventType "tourn (corr)"]
[EventRounds "6"]
[EventCountry "GER"]
[SourceTitle "Corr 2020"]
[Source "ChessBase"]
[SourceDate "2019.09.30"]
[SourceVersion "1"]
[SourceVersionDate "2019.09.30"]
[SourceQuality "1"]

1. e4 e6 2. d4 d5 3. Nc3 dxe4 4. Nxe4 Qd5 5. Nc3 Bb4 6. Nf3 Nf6 7. Bd3 b6 8. 0-0 Bxc3 9. bxc3 0-0 10. Bf4 Bb7 11. c4 Qh5 12. Ne5 Qxd1 13. Rfxd1 Nh5 14. Be3 f6 15. Nf3 Bxf3 16. gxf3 Nd7 17. f4 f5 18. a4 a5 19. c5 Nhf6 20. cxb6 Nxb6 21. c4 Ng4 22. Bd2 Nf6 23. Rdb1 Rfd8 24. c5 Nbd5 25. Rb7 Nh5 26. Bb5 Nhxf4 27. Re1 h6 28. h4 Rdb8 29. Rxb8+ Rxb8 30. Bxa5 Kf7 31. Ra1 Ng6 32. h5 Ngf4 33. Bd2 Nxh5 34. Bc4 Ke7 35. a5 c6 36. Kh2 Nhf6 37. a6 g5 38. Ba5 Kd7 39. a7 Ra8 40. Bb6 Nc7 41. Bxc7 1/2-1/2

[Event "GER ML-332 email"]
[Site "GER email"]
[Date "2008.??.??"]
[Round "?"]
[White "Marquardt, Guenter"]
[Black "Radloff, Dirk"]
[Result "1-0"]
[WhiteElo "2017"]
[BlackElo "1975"]
[PlyCount "29"]
[EventDate "2008.??.??"]
[EventType "tourn (corr)"]
[EventRounds "6"]
[EventCountry "GER"]
[SourceTitle "Corr 2011"]
[Source "ChessBase"]
[SourceDate "2010.08.31"]
[SourceVersion "1"]
[SourceVersionDate "2010.08.31"]
[SourceQuality "1"]

1. Nf3 Nf6 2. c4 e6 3. Nc3 c5 4. g3 Nc6 5. Bg2 Be7 6. 0-0 0-0 7. d4 d5 8. cxd5 exd5 9. Bg5 c4 10. Ne5 Bf5 11. Bxf6 Bxf6 12. Nxd5 Nxe5 13. dxe5 Bxe5 14. Rc1 Bh3 15. Bxh3 1-0